000 00706nam a2200241Ia 4500
003 OSt
005 20220928133235.0
006 a|||||r|||| 00| 0
007 ta
008 220927b |||||||| |||| 00| 0 eng d
024 _a121605
037 _cTextual
040 _aSDCL
_cSDCL
_beng
041 _2eng
_aeng
082 _aK871:6, L6.3b.3e
100 _aAshburner M Ed.
_9484894
245 0 _aGenetics and biology of drosophila.
260 _aLondon
_bAcademic Press
_c1976
700 _a Carson H L Ed.
_9484895
700 _a Thompson J N Ed.
_9484896
942 _hK871:6, L6.3b.3e
_cTEXL
_2CC
999 _c798482
_d798482